000 00413nam a2200181Ia 4500
001 18285
005 20260306171619.0
008 260306s9999||||xx |||||||||||||| ||und||
041 _aESP
082 _a658.402
_bM26
100 _aMarthans Garro, César A.
_eAUT
245 0 _aRacionalización empresarial
260 _c2002
300 _a
_c
650 _aGEN
654 _aCAN
942 _cLIB
_dJUS
_fJUS
_2ddc
_n
999 _c18285
_d18285